000 00648nam a2200229 i 4500
001 181880
003 ES-MaACL
005 20231022162722.0
008 130503s2006 sp | |||| ||spa d
020 _a84-96672-05-0
080 _a821.134.2-31"19"
100 1 _aGarcía López, José María.
_954846
245 1 0 _aInfame turba /
_cJosé Mª García López.
250 _a1ª ed.
260 _aSevilla :
_bRD,
_c2006.
300 _a212 p. ;
_c24 cm.
490 1 _aNarrativa
830 0 _aNarrativa
_9177839
852 _aES-MaACL
_jA-12707
_9188788
_bR.148887
_cDEPO1
_dOlim: N-5707
942 _2udc
_cMONOGRAFIA
999 _c181880
_d181880